000 00289nam a22001337a 4500
008 180903b xxu||||| |||| 00| 0 eng d
020 _a9780070380455
041 _aeng
080 _a510
100 _a37
101 _aMAT
245 _aDiscrete Mathematics
_cLipson.M
942 _2udc
_cBK
999 _c47475
_d47475